[Event "Druga liga CS - istok"]
[Site "Leskovac"]
[Date "2006.09.16"]
[Round "2.1"]
[White "Dimitrijevic, Srdjan"]
[Black "Zafirovski, Mite"]
[Result "1/2-1/2"]
[WhiteElo "2308"]
[BlackElo "2271"]
[PlyCount "24"]
[EventDate "2006.09.16"]

1. d4 Nf6 2. Nf3 e6 3. e3 b6 4. Bd3 Bb7 5. Nbd2 d5 6. O-O Bd6 7. b3 O-O 8. Bb2
Ne4 9. c4 Nd7 10. Rc1 Qe7 11. Qe2 a6 12. Bb1 f5 1/2-1/2

[Event "Druga liga CS - istok"]
[Site "Leskovac"]
[Date "2006.09.16"]
[Round "2.1"]
[White "Djordjevic, Nebojsa"]
[Black "Manojlovic, Nebojsa"]
[Result "1/2-1/2"]
[WhiteElo "2265"]
[BlackElo "2172"]
[PlyCount "73"]
[EventDate "2006.09.16"]

1. d4 d5 2. c4 c6 3. Nf3 Nf6 4. e3 Bf5 5. Nc3 e6 6. Be2 Bd6 7. O-O Nbd7 8. Nh4
Bg6 9. f4 Ne4 10. Nxe4 Bxe4 11. Nf3 O-O 12. b3 Qe7 13. c5 Bc7 14. b4 a6 15. Ng5
Bg6 16. Bd3 Bxd3 17. Qxd3 Nf6 18. Bd2 h6 19. Nf3 Ne4 20. a4 f6 21. Bc3 g5 22.
g3 Qg7 23. Nd2 Nxd2 24. Bxd2 e5 25. fxe5 fxe5 26. Rxf8+ Rxf8 27. Rf1 e4 28. Qe2
g4 29. Rxf8+ Kxf8 30. Qf2+ Qf7 31. Qxf7+ Kxf7 32. a5 Kg6 33. Kg2 h5 34. Kf2 h4
35. Kg2 Kh5 36. Be1 Bd8 37. Kf2 1/2-1/2

[Event "Druga liga CS - istok"]
[Site "Leskovac"]
[Date "2006.09.16"]
[Round "2.1"]
[White "Puzic, Slobodan"]
[Black "Milutinovic, Zoran"]
[Result "1/2-1/2"]
[WhiteElo "2173"]
[BlackElo "2174"]
[PlyCount "36"]
[EventDate "2006.09.16"]

1. c4 Nf6 2. Nf3 g6 3. d4 Bg7 4. Nc3 d5 5. Bg5 Ne4 6. cxd5 Nxg5 7. Nxg5 e6 8.
Nf3 exd5 9. e3 O-O 10. Be2 a5 11. O-O c6 12. Na4 Bf5 13. Rc1 Nd7 14. Qb3 Rb8
15. a3 Re8 16. Nc5 Nxc5 17. Rxc5 Bf8 18. Rcc1 Bd6 1/2-1/2

[Event "Druga liga CS - istok"]
[Site "Leskovac"]
[Date "2006.09.16"]
[Round "2.1"]
[White "Jovanovic, Dragan"]
[Black "Stankovic, Goran"]
[Result "0-1"]
[WhiteElo "2133"]
[BlackElo "2074"]
[PlyCount "118"]
[EventDate "2006.09.16"]

1. d4 d5 2. c4 c6 3. Nc3 Nf6 4. Bf4 a6 5. e3 e6 6. Bd3 Be7 7. Nge2 O-O 8. O-O
Nbd7 9. h3 dxc4 10. Bxc4 c5 11. d5 Nb6 12. d6 Nxc4 13. dxe7 Qxe7 14. b3 Rd8 15.
Qc2 Nb6 16. Bg5 h6 17. Bxf6 gxf6 18. Rad1 Nd7 19. Nf4 b6 20. Qe4 Rb8 21. Nh5 f5
22. Qf4 Qg5 23. Qc7 Rb7 24. Qg3 Qxg3 25. fxg3 Kf8 26. Rd6 Ke7 27. Rfd1 Rg8 28.
Kh2 Rg5 29. Nf4 Rg8 30. e4 fxe4 31. Nxe4 Nf6 32. Nxf6 Kxf6 33. Nd5+ Ke5 34.
Nxb6 Rc7 35. Rd8 Rxd8 36. Rxd8 Bb7 37. Rh8 Be4 38. Rxh6 Bb1 39. a3 Ba2 40. Nc4+
Kd4 41. Na5 Kc3 42. Rf6 e5 43. Kg1 e4 44. b4 e3 45. Kf1 cxb4 46. axb4 Be6 47.
Ke2 Kxb4 48. Kxe3 Kxa5 49. g4 Rc2 50. g3 Rh2 51. h4 Bxg4 52. Rxf7 Re2+ 53. Kf4
Rf2+ 54. Kxg4 Rxf7 55. Kg5 Kb4 56. h5 a5 57. h6 a4 58. Kg6 Rc7 59. h7 Rc8 0-1

[Event "Druga liga CS - istok"]
[Site "Prokuplje"]
[Date "2006.09.16"]
[Round "2.2"]
[White "Djukic, Zeljko"]
[Black "Manic, Jovica"]
[Result "1/2-1/2"]
[WhiteElo "2409"]
[BlackElo "2272"]
[PlyCount "35"]
[EventDate "2006.09.16"]

1. d4 c5 2. dxc5 Na6 3. a3 Nxc5 4. b4 Ne6 5. Bb2 Nf6 6. e3 a5 7. c4 Qb6 8. Qd2
axb4 9. axb4 Rxa1 10. Bxa1 g6 11. Bd3 Bg7 12. Bc3 O-O 13. Nf3 d6 14. O-O Bd7
15. Qa2 Rc8 16. Nbd2 Nd8 17. Qa3 Nc6 18. Ra1 1/2-1/2

[Event "Druga liga CS - istok"]
[Site "Prokuplje"]
[Date "2006.09.16"]
[Round "2.2"]
[White "Nikolic, Boban"]
[Black "Petkovic, Dragoslav"]
[Result "1/2-1/2"]
[WhiteElo "2222"]
[BlackElo "2305"]
[PlyCount "24"]
[EventDate "2006.09.16"]

1. Nf3 d6 2. d4 Bg4 3. c4 Nf6 4. Nc3 Nbd7 5. e4 c5 6. d5 g6 7. Be2 Bg7 8. O-O
O-O 9. Ne1 Bxe2 10. Qxe2 Ne8 11. Bd2 Nc7 12. Nd3 e6 1/2-1/2

[Event "Druga liga CS - istok"]
[Site "Prokuplje"]
[Date "2006.09.16"]
[Round "2.2"]
[White "Rajevic, Gavrilo"]
[Black "Kulak, Dejan"]
[Result "0-1"]
[WhiteElo "2277"]
[BlackElo "2275"]
[PlyCount "60"]
[EventDate "2006.09.16"]

1. e4 Nf6 2. e5 Nd5 3. c4 Nb6 4. c5 Nd5 5. Bc4 e6 6. Qg4 d6 7. d4 Nc6 8. Nf3
dxc5 9. dxc5 Nce7 10. Nc3 h6 11. O-O Nxc3 12. bxc3 Nd5 13. Rd1 Bd7 14. Ba3 b5
15. Bxd5 exd5 16. e6 Bxe6 17. Re1 Qe7 18. Rxe6 fxe6 19. Ne5 Qf6 20. Re1 h5 21.
Qb4 a6 22. c4 dxc4 23. Bb2 Be7 24. Nc6 Qf7 25. Ne5 Qf5 26. Nc6 Bxc5 27. Qd2 O-O
28. Bd4 Bd6 29. Ne5 Rad8 30. Qe2 Qf4 0-1

[Event "Druga liga CS - istok"]
[Site "Prokuplje"]
[Date "2006.09.16"]
[Round "2.2"]
[White "Pantic, Milivoje"]
[Black "Jonic, Vladimir"]
[Result "0-1"]
[WhiteElo "2179"]
[BlackElo "2168"]
[PlyCount "64"]
[EventDate "2006.09.16"]

1. d4 Nf6 2. c4 g6 3. Nc3 Bg7 4. e4 d6 5. Be2 O-O 6. Nf3 e5 7. O-O Nc6 8. Be3
Ng4 9. Bg5 f6 10. Bc1 Nh6 11. d5 Ne7 12. b4 a5 13. bxa5 Rxa5 14. a4 Nf7 15. Ba3
f5 16. Bb4 Ra8 17. Nd2 fxe4 18. Ndxe4 Nf5 19. c5 Ng5 20. Re1 Rf7 21. Bf1 dxc5
22. Bxc5 Nd6 23. Bxd6 cxd6 24. Nxg5 Qxg5 25. Ne4 Qe7 26. Qb3 Bf5 27. Qb4 Bxe4
28. Rxe4 Raf8 29. Ra2 Rf4 30. g3 Rxe4 31. Qxe4 Qd7 32. Qb4 Ra8 0-1

[Event "Druga liga CS - istok"]
[Site "Prokuplje"]
[Date "2006.09.16"]
[Round "2.2"]
[White "Ignjatovic, Miroslav"]
[Black "Radosavljevic, Novica"]
[Result "1-0"]
[WhiteElo "1919"]
[BlackElo "2134"]
[PlyCount "68"]
[EventDate "2006.09.16"]

1. d4 d6 2. c4 e5 3. Nf3 e4 4. Ng5 Nf6 5. Nc3 Bf5 6. g3 c6 7. Bg2 d5 8. cxd5
cxd5 9. f3 Bb4 10. O-O exf3 11. Rxf3 Qd7 12. Qf1 Bg6 13. Rxf6 Bxc3 14. bxc3
gxf6 15. Qxf6 O-O 16. e4 Na6 17. exd5 Nc7 18. c4 Ne8 19. Qf4 Ng7 20. Bh3 Qa4
21. c5 Qd1+ 22. Bf1 Rfe8 23. Bb2 Qc2 24. Qf2 Qa4 25. d6 Nf5 26. Rc1 Ne3 27. d5
f5 28. Ne6 Qe4 29. d7 Rf8 30. Re1 Ng4 31. Qd2 Qa4 32. Qc3 Nf6 33. Nxf8 Rxf8 34.
d8=Q Nh5 1-0

[Event "Druga liga CS - istok"]
[Site "Nis"]
[Date "2006.09.16"]
[Round "2.3"]
[White "Lukic, Igor"]
[Black "Kajganovic, Miodrag"]
[Result "0-1"]
[WhiteElo "2087"]
[BlackElo "2250"]
[PlyCount "106"]
[EventDate "2006.09.16"]

1. e4 e6 2. d4 d5 3. Nd2 dxe4 4. Nxe4 Be7 5. Bd3 Nf6 6. Nf3 Nbd7 7. Nxf6+ Bxf6
8. Be3 c5 9. c3 cxd4 10. Nxd4 Nb6 11. O-O Nd5 12. Nc2 O-O 13. Qe2 Qc7 14. Bd2
Nf4 15. Bxf4 Qxf4 16. g3 Qc7 17. Qf3 Be7 18. Rfe1 g6 19. Rad1 Rb8 20. Bf1 b5
21. Bg2 a5 22. Qe2 Bf6 23. Nd4 Bd7 24. a3 Rfd8 25. Qf3 Kg7 26. Nc6 Bxc6 27.
Qxc6 Qxc6 28. Bxc6 Rxd1 29. Rxd1 b4 30. axb4 axb4 31. Rc1 bxc3 32. bxc3 Rc8 33.
Bb7 Rc7 34. Be4 Bxc3 35. Kf1 f5 36. Bd3 Kf6 37. Ke2 Ke5 38. h4 Kd4 39. Rd1 Kc5
40. Rb1 Ra7 41. Rb5+ Kc6 42. Rb1 Bd4 43. Rc1+ Kd6 44. f3 e5 45. g4 e4 46. fxe4
fxg4 47. Kf1 Ra3 48. Be2 Rg3 49. Ke1 Rg1+ 50. Bf1 g3 51. Rc2 Ke5 52. Rg2 Bf2+
53. Ke2 Rh1 0-1

[Event "Druga liga CS - istok"]
[Site "Nis"]
[Date "2006.09.16"]
[Round "2.3"]
[White "Djokic, Vladan"]
[Black "Petrovic, Dragan"]
[Result "1-0"]
[WhiteElo "2304"]
[BlackElo "2102"]
[PlyCount "93"]
[EventDate "2006.09.16"]

1. e4 c5 2. Nf3 d6 3. d4 cxd4 4. Nxd4 Nf6 5. Nc3 a6 6. Be2 e6 7. O-O Be7 8. a4
O-O 9. f4 Qc7 10. Be3 Nbd7 11. Bf3 Nb6 12. Kh1 Nc4 13. Bc1 Bd7 14. b3 Na5 15.
Bb2 Rac8 16. Rc1 Rfe8 17. g4 e5 18. Nf5 Bc6 19. g5 Nd7 20. Nxe7+ Rxe7 21. f5
Ree8 22. Nd5 Bxd5 23. Qxd5 Qc5 24. Qd2 Nf8 25. Rfd1 Red8 26. Qe1 Nc6 27. Rd5
Qb6 28. a5 Qc7 29. f6 g6 30. Bg4 Ne6 31. Qh4 Nb4 32. Qh6 Kh8 33. Re1 Rg8 34.
Bxe6 fxe6 35. Rd2 Nxc2 36. Rc1 Qc6 37. Qh4 Qb5 38. Qf2 h5 39. Rdxc2 Rxc2 40.
Qxc2 Qxa5 41. Rd1 Qb4 42. Qc4 Qb6 43. Rf1 Qe3 44. Bc1 Qh3 45. Ba3 b5 46. Qe2
Rc8 47. f7 1-0

[Event "Druga liga CS - istok"]
[Site "Nis"]
[Date "2006.09.16"]
[Round "2.3"]
[White "Jovanovic, Miroslav"]
[Black "Zivkovic, Branimir"]
[Result "0-1"]
[WhiteElo "2104"]
[BlackElo "2190"]
[PlyCount "109"]
[EventDate "2006.09.16"]

1. d4 Nf6 2. Bg5 g6 3. Bxf6 exf6 4. e3 Bg7 5. Bd3 f5 6. Nd2 b6 7. Qf3 Nc6 8. c3
Bb7 9. Qh3 Qe7 10. Ne2 O-O 11. Rg1 Nd8 12. g4 fxg4 13. Qxg4 f5 14. Qg3 Ne6 15.
Nf4 c5 16. O-O-O Rac8 17. Kb1 Kh8 18. h4 Bh6 19. Nxe6 Qxe6 20. f4 Rce8 21. Rde1
Re7 22. h5 gxh5 23. Qh4 Qf7 24. Bc4 d5 25. Bb3 Rfe8 26. Nf3 cxd4 27. cxd4 Bg7
28. Ne5 Bxe5 29. dxe5 Rg8 30. Rxg8+ Kxg8 31. Rg1+ Kf8 32. Rg5 Bc8 33. Rxh5 Be6
34. Rh6 Qg7 35. a3 Ke8 36. Ka2 Kd7 37. Qf6 Qxf6 38. Rxf6 Rf7 39. Rh6 Ke7 40.
Kb1 Rg7 41. Kc2 Rg2+ 42. Kc1 Rg1+ 43. Kc2 Rg2+ 44. Kc3 Bg8 45. Bc2 Rg6 46. Rh5
Rc6+ 47. Kd2 h6 48. Bxf5 Bf7 49. Rh1 h5 50. Bd3 Rh6 51. e4 h4 52. f5 dxe4 53.
Bxe4 h3 54. Rh2 Rh4 55. Ke3 0-1

[Event "Druga liga CS - istok"]
[Site "Nis"]
[Date "2006.09.16"]
[Round "2.3"]
[White "Stojkovic, Zoran"]
[Black "Zivkovic, Nemania"]
[Result "0-1"]
[WhiteElo "2078"]
[BlackElo "2127"]
[PlyCount "74"]
[EventDate "2006.09.16"]

1. e4 c5 2. Nf3 e6 3. d4 cxd4 4. Nxd4 a6 5. Be2 Qc7 6. O-O Nf6 7. Nd2 b5 8. Re1
Bb7 9. Bf3 d6 10. Nf1 Be7 11. Bg5 Nbd7 12. g3 h6 13. Bd2 Nc5 14. Qe2 Ncxe4 15.
Bxe4 Nxe4 16. Bb4 O-O 17. Ne3 Bf6 18. Red1 Rfd8 19. h4 Qb6 20. Qd3 Bxd4 21.
Qxd4 Qc6 22. Rac1 Nd2 23. Nd5 Nf3+ 24. Kf1 Nxd4 25. Ne7+ Kf8 26. Nxc6 Nxc6 27.
Bxd6+ Ke8 28. b3 b4 29. f4 Rd7 30. c4 bxc3 31. Rxc3 Ne7 32. Ke2 Rc8 33. Rcd3
Rc2+ 34. R1d2 Rxd2+ 35. Kxd2 Nf5 36. Bc5 Rxd3+ 37. Kxd3 Nxg3 0-1

[Event "Druga liga CS - istok"]
[Site "Branicevo"]
[Date "2006.09.16"]
[Round "2.4"]
[White "Dezelin, Milan"]
[Black "Vojinovic, Goran"]
[Result "1/2-1/2"]
[WhiteElo "2333"]
[BlackElo "2461"]
[PlyCount "39"]
[EventDate "2006.09.16"]

1. Nf3 g6 2. g3 Bg7 3. Bg2 Nf6 4. O-O O-O 5. c4 d6 6. d4 c6 7. Nc3 Bf5 8. Nh4
Be6 9. b3 d5 10. cxd5 cxd5 11. Bb2 Nc6 12. e3 Qd7 13. Qe2 Bh3 14. Rfd1 Bxg2 15.
Nxg2 Rfc8 16. Rac1 b6 17. Nf4 e6 18. Kg2 Qb7 19. f3 Ne8 20. Ba3 1/2-1/2

[Event "Druga liga CS - istok"]
[Site "Branicevo"]
[Date "2006.09.16"]
[Round "2.4"]
[White "Raicevic, Vladimir"]
[Black "Djokic, Nebojsa"]
[Result "1-0"]
[WhiteElo "2446"]
[BlackElo "2256"]
[PlyCount "91"]
[EventDate "2006.09.16"]

1. d4 Nf6 2. c4 g6 3. Nc3 Bg7 4. e4 d6 5. f3 O-O 6. Be3 c5 7. Nge2 Nc6 8. Qd2
Qa5 9. Rc1 a6 10. b3 Rd8 11. d5 Ne5 12. h3 b6 13. f4 Ned7 14. g4 h5 15. g5 Ne8
16. Nb1 Qxd2+ 17. Nxd2 b5 18. Nc3 b4 19. Na4 Rb8 20. Bd3 Nc7 21. Nf3 Na8 22.
Kf2 Nab6 23. Nxb6 Rxb6 24. Rce1 a5 25. e5 dxe5 26. fxe5 Bb7 27. Bf4 e6 28. Be4
Nf8 29. Rd1 Rc8 30. Rc1 Ra6 31. Ke3 Rca8 32. a3 Re8 33. axb4 axb4 34. Ra1 Rxa1
35. Rxa1 exd5 36. Bxd5 Bxd5 37. cxd5 Nd7 38. Kd3 Kf8 39. d6 Nxe5+ 40. Bxe5 Bxe5
41. Nxe5 Rxe5 42. Ra8+ Re8 43. Rxe8+ Kxe8 44. Kc4 f5 45. gxf6 g5 46. Kd5 1-0

[Event "Druga liga CS - istok"]
[Site "Branicevo"]
[Date "2006.09.16"]
[Round "2.4"]
[White "Garic, Radomir"]
[Black "Milenkovic, Mladen"]
[Result "1-0"]
[WhiteElo "2210"]
[BlackElo "2349"]
[PlyCount "60"]
[EventDate "2006.09.16"]

1. Nf3 c5 2. g3 b6 3. Bg2 Bb7 4. O-O Nf6 5. b3 d6 6. Bb2 e6 7. d3 Be7 8. Nbd2
O-O 9. e4 Nc6 10. Re1 Nd7 11. d4 cxd4 12. Nxd4 Nxd4 13. Bxd4 e5 14. Bb2 Nc5 15.
Nc4 b5 16. Ne3 g6 17. Nd5 Rc8 18. Bh3 Rb8 19. Qd2 Bg5 20. f4 Bh6 21. Rad1 f6
22. Bc1 Re8 23. b4 Ne6 24. Qf2 Bxd5 25. exd5 Ng7 26. fxe5 Bxc1 27. exf6 Rxe1+
28. Rxe1 Bb2 29. Re7 Bxf6 30. Qxf6 Qb6+ 1-0

[Event "Druga liga CS - istok"]
[Site "Branicevo"]
[Date "2006.09.16"]
[Round "2.4"]
[White "Jevtic, Sasa"]
[Black "Rajkovic, Ljubisa"]
[Result "1/2-1/2"]
[WhiteElo "2123"]
[BlackElo "2207"]
[PlyCount "33"]
[EventDate "2006.09.16"]

1. d4 c5 2. c3 e6 3. Nf3 Nf6 4. g3 b6 5. Bg2 Bb7 6. Bg5 Be7 7. Nbd2 O-O 8. O-O
d6 9. Re1 Nbd7 10. e4 h6 11. Bxf6 Nxf6 12. Qe2 cxd4 13. Nxd4 Nd7 14. f4 Rc8 15.
Bh3 a6 16. Rad1 Nc5 17. Qe3 1/2-1/2

[Event "Druga liga CS - istok"]
[Site "Branicevo"]
[Date "2006.09.16"]
[Round "2.4"]
[White "Zivanovic, Nenad"]
[Black "Milosevic, Aleksandar"]
[Result "1/2-1/2"]
[WhiteElo "2200"]
[BlackElo "2255"]
[PlyCount "68"]
[EventDate "2006.09.16"]

1. e4 Nf6 2. d3 e5 3. Nf3 Nc6 4. c3 a5 5. Be2 d6 6. O-O g6 7. Re1 Bg7 8. Nbd2
O-O 9. d4 Qe7 10. dxe5 Nxe5 11. Nxe5 dxe5 12. Qc2 b6 13. Nf1 Bb7 14. Ng3 h5 15.
Bg5 Qc5 16. Bf3 Nh7 17. Be3 Qe7 18. Be2 Bf6 19. f3 Ng5 20. Nf1 Ne6 21. Bf2 Nf4
22. Ne3 Rfd8 23. Bf1 Bg5 24. Rad1 Rxd1 25. Rxd1 Rd8 26. Rxd8+ Qxd8 27. Qd1 Qxd1
28. Nxd1 Kg7 29. Be3 f5 30. exf5 gxf5 31. Kf2 Kg6 32. a4 Be7 33. g3 Nd5 34. Bd3
Nf6 1/2-1/2

[Event "Druga liga CS - istok"]
[Site "Branicevo"]
[Date "2006.09.16"]
[Round "2.4"]
[White "Stefanovic, Vladimir"]
[Black "Djukic, Slobodan"]
[Result "1/2-1/2"]
[WhiteElo "2227"]
[BlackElo "2249"]
[PlyCount "80"]
[EventDate "2006.09.16"]

1. Nf3 Nf6 2. c4 g6 3. Nc3 Bg7 4. g3 O-O 5. Bg2 c6 6. O-O d5 7. cxd5 cxd5 8. d4
Nc6 9. Ne5 h6 10. Nxc6 bxc6 11. b3 Re8 12. Bb2 Bf5 13. Rc1 Rc8 14. Na4 Nd7 15.
Qd2 Kh7 16. Rfd1 h5 17. Nc5 Bh6 18. e3 Nf6 19. Nd3 Ne4 20. Qb4 f6 21. Qa4 Qd6
22. Ba3 Qe6 23. Nc5 Nxc5 24. Rxc5 h4 25. Qa6 h3 26. Bf3 Be4 27. Qe2 Rb8 28. Bg4
Bf5 29. Bxf5 gxf5 30. Qh5 Rg8 31. Qxh3 Rb6 32. Ra5 Qd7 33. Bc5 Rb7 34. Qf1 f4
35. Qd3+ Kh8 36. exf4 Bxf4 37. Re1 Rg7 38. Qf3 Bd2 39. Rxe7 Rxe7 40. Qxf6+ Rg7
1/2-1/2

[Event "Druga liga CS - istok"]
[Site "Nis"]
[Date "2006.09.16"]
[Round "2.5"]
[White "Terzic, Goran"]
[Black "Pavlovic, Dejan"]
[Result "1/2-1/2"]
[WhiteElo "2305"]
[BlackElo "2308"]
[PlyCount "20"]
[EventDate "2006.09.16"]

1. e4 e5 2. Nf3 Nc6 3. d4 exd4 4. Bc4 Be7 5. O-O d6 6. Nxd4 Nf6 7. Nc3 O-O 8.
Re1 Bg4 9. f3 Bd7 10. Be3 Re8 1/2-1/2

[Event "Druga liga CS - istok"]
[Site "Nis"]
[Date "2006.09.16"]
[Round "2.5"]
[White "Stojanovic, Ivan"]
[Black "Djuric, Ranko"]
[Result "1/2-1/2"]
[WhiteElo "2234"]
[BlackElo "2170"]
[PlyCount "20"]
[EventDate "2006.09.16"]

1. e4 c5 2. Nf3 d6 3. d4 cxd4 4. Nxd4 Nc6 5. Nc3 Nf6 6. Be2 Bd7 7. O-O g6 8.
Be3 Bg7 9. f3 O-O 10. Qd2 Rc8 1/2-1/2

[Event "Druga liga CS - istok"]
[Site "Jagodina"]
[Date "2006.09.16"]
[Round "2.6"]
[White "Radosavljevic, Slobodan"]
[Black "Raicevic, Ivica"]
[Result "1/2-1/2"]
[WhiteElo "2254"]
[BlackElo "2307"]
[PlyCount "24"]
[EventDate "2006.09.16"]

1. g3 g6 2. Bg2 Bg7 3. Nf3 Nf6 4. O-O O-O 5. c4 c5 6. d3 Nc6 7. Nc3 d6 8. a3 a6
9. Rb1 Rb8 10. b4 cxb4 11. axb4 b5 12. cxb5 axb5 1/2-1/2

[Event "Druga liga CS - istok"]
[Site "Jagodina"]
[Date "2006.09.16"]
[Round "2.6"]
[White "Popovic, Djordje"]
[Black "Turudic, Nenad"]
[Result "0-1"]
[WhiteElo "2312"]
[BlackElo "2233"]
[PlyCount "78"]
[EventDate "2006.09.16"]

1. d4 d5 2. Nf3 Nf6 3. c4 c6 4. Nc3 a6 5. e3 g6 6. Qb3 Bg7 7. Bd3 O-O 8. O-O
dxc4 9. Bxc4 b5 10. Be2 Bf5 11. a4 Nbd7 12. axb5 cxb5 13. Nh4 Be6 14. d5 Nxd5
15. Nxd5 Nc5 16. Qa3 Qxd5 17. Bf3 Qc4 18. Bxa8 Rxa8 19. Bd2 Nb3 20. Nf3 Nxa1
21. Rxa1 Qb3 22. Qxb3 Bxb3 23. Nd4 Bc4 24. h3 e5 25. Nc6 e4 26. Nd4 h5 27. Rc1
a5 28. b3 Bd3 29. Rc5 a4 30. bxa4 bxa4 31. g4 a3 32. Bc3 a2 33. Ba1 Rb8 34. Kg2
Rb1 35. Bc3 a1=Q 36. Bxa1 Rxa1 37. Rc8+ Kh7 38. Re8 Ra2 39. Nc6 Bb5 0-1